| 000 | 00616nam a2200241Ia 4500 | ||
|---|---|---|---|
| 005 | 20250425162131.0 | ||
| 008 | 250425s9999 xx 000 0 und d | ||
| 020 | _a9702600006 | ||
| 041 | _aspa | ||
| 082 | _a004.6 | ||
| 100 | _aCOMER, DOUGLAS E. | ||
| 245 | 0 | _aINTERCONECTIVIDAD DE REDES CON TCP/IP: DISEÑO E IMPLEMENTACION | |
| 250 | _a3A ED. | ||
| 260 | _aMEXICO | ||
| 260 |
_aMéxico _bPEARSON EDUCACION _c2000 |
||
| 300 | _a660 | ||
| 650 | _aESTRUCTURA DE DATOS (INFORMATICA) | ||
| 650 | _aREDES TCP/IP | ||
| 650 | _aSISTEMA OPERATIVO | ||
| 650 | _aSOFTWARE | ||
| 942 | _c01 | ||
| 010 | _a52004 | ||
| 999 |
_c222993 _d222993 |
||